| 000 | 01433nam a2200361Ia 4500 | ||
|---|---|---|---|
| 001 | ebr10440371 | ||
| 003 | CaPaEBR | ||
| 006 | m u | ||
| 007 | cr cn||||||||| | ||
| 008 | 110131s2010 ne a sb 000 0 eng d | ||
| 010 | _z 2001020795 | ||
| 020 | _z9780857243737 | ||
| 040 |
_aCaPaEBR _cCaPaEBR |
||
| 035 | _a(OCoLC)704520071 | ||
| 050 | 1 | 4 |
_aHC79.H53 _bN4968 2010eb |
| 245 | 0 | 0 |
_aNew technology-based firms in the new millennium _h[electronic resource]. |
| 260 |
_aAmsterdam ; _aOxford : _bPergamon ; _aBingley : _bEmerald, _c2010. |
||
| 300 |
_aviii, 229 p. : _bill. |
||
| 504 | _aIncludes bibliographical references. | ||
| 533 |
_aElectronic reproduction. _bPalo Alto, Calif. : _cebrary, _d2011. _nAvailable via World Wide Web. _nAccess may be limited to ebrary affiliated libraries. |
||
| 650 | 0 | _aHigh technology industries. | |
| 650 | 0 |
_aNew business enterprises _xEffect of technological innovations on. |
|
| 650 | 0 |
_aSmall business _xTechnological innovations. |
|
| 650 | 0 | _aStrategic alliances (Business) | |
| 650 | 0 |
_aTechnological innovations _xEconomic aspects. |
|
| 655 | 7 |
_aElectronic books. _2local |
|
| 700 | 1 | _aDuring, W. E. | |
| 700 | 1 | _aGroen, Aard. | |
| 700 | 1 | _aKauser, Saleema. | |
| 700 | 1 |
_aOakey, R. P. _q(Raymond P.) |
|
| 710 | 2 | _aebrary, Inc. | |
| 856 | 4 | 0 |
_uhttp://site.ebrary.com/lib/rucke/Doc?id=10440371 _zAn electronic book accessible through the World Wide Web; click to view |
| 999 |
_c134578 _d134578 |
||